00923nam a2200265Ia 4500001000700000003000500007008004100012010001100053020002200064040000900086082001500095100001900110245007100129260006000200300001700260503001800277504005500295650002900350650002700379650004000406650004500446650006500491650006100556650004000617Z_6751CHAP220113s2014 xx 000 0 und d a170027 a978-1-4822-0738-5 cCHAP a597.13 R83 aRudneva, Irina aBiomarkers for stress in fish embryos and larvae /cIrina Rudneva aEstados Unidos de América :bTaylor & Francis,c2014 axiii, 206 p. aej.1: consumo aIncluye bibliografía al final de cada capítulo aMarcadores bioquímicos aPeces xx Desarrollo. aPeces xx Efecto del stress en los aPeces xx Embriología xx Fisiologia aPeces xx Embriones xx efecto de la contaminación sobre aPeces xx Larva xx Efecto de la contaminación sobre aPeces xx Larvas xx Fisiología